| 000 | 00973 am a2200313ua 4500 | ||
|---|---|---|---|
| 999 |
_c200429597 _d47521 |
||
| 003 | TR-AnTOB | ||
| 005 | 20210711001146.0 | ||
| 008 | 160222s2014 tu 000*0 tur P | ||
| 020 | _a9789750230707 | ||
| 040 |
_aTR-AnTOB _beng _cTR-AnTOB _erda |
||
| 041 | 0 | _atur | |
| 050 | 0 | 0 |
_aKKX810 _b.İ536 1979 |
| 090 | 0 |
_aKKX810 _b.İ536 1979 |
|
| 100 | 1 |
_aİnan, Ali Naim, _d1926- _4author _9111433 |
|
| 245 | 1 | 0 |
_aBorçlar hukuku genel hükümler / _cAli Naim İnan, Özge Yücel. |
| 250 | _a4. baskı | ||
| 264 |
_aAnkara : _bSeçkin, _c2014. |
||
| 300 |
_a677 s. ; _c24 cm |
||
| 336 |
_2rdacontent _atext _btxt |
||
| 337 |
_2rdamedia _aunmediated _bn |
||
| 338 |
_2rdacarrier _avolume _bnc |
||
| 490 | 0 |
_aSeçkin Hukuk ; _v416 |
|
| 650 | 0 |
_aBorçlar (Hukuk) _zTürkiye _939556 |
|
| 650 | 0 |
_aObligations (Law) _zTurkey _938941 |
|
| 700 | 1 |
_aYücel, Özge _eauthor _9119929 |
|
| 907 | _aHukuk Fakültesi 45.00 TL | ||
| 942 |
_2lcc _cBK |
||